Statistics for Tourism: Which place am I visiting?

Click here to take the quiz!

General Stats

  • This quiz has been taken 18 times
  • The average score is 2 of 10

Answer Stats

HintAnswer% Correct
Booking a flight from Santiago, LATAM only, ogling big stone figuresEaster Island
93%
Taking a freight ship from Cape Town, no wait, now I can also fly from JohannesburgSaint Helena
27%
Flying to Tahiti, waiting for the weekly flight to Mangareva, sailing with MV Claymore II to reachPitcairn Island
20%
If it only weren't for the war, I'd fly to the country and take a ferry to the island with funny treesSocotra
20%
Arranging an organized trek, leaving from Longyearbyen, hoping to come back alive in 25 daysNorth Pole
7%
A professional company, training for freezing weather, preparing to ski 50 days to completeSouth Pole
7%
Going to Alaska Air, booking a flight... via Prudhoe Bay, up all the wayBarrow
0%
Going to enjoy the largest island, flying to Nerlerit Inaat, taking a chopper to Itt...(16 letters)Ittoqqortoormiit
0%
Flying to Magadan, driving a long while on the Road of Bones, if it's warmer than -55C kids are expected to go to schoolOymyakon
0%
Hitching a ride from fishing boats of South Africa and prepare for a looong ride, or if I'm lucky, I can get on RMS Saint HelenaTristan da Cunha
0%

Score Distribution

Percentile by Number Answered

Percent of People with Each Score

Your Score History

You have not taken this quiz